All Soccer/Football Positions - Statistics

General Stats
  • This quiz has been taken 87 times
  • The average score is 6 of 12
Answer Stats
Best Player Currently Answer % Correct
Alisson Goalie/Goalkeeper/GK
97%
Van Dijk Centre Back/Center Back/CB
91%
Messi Right Wing/RW
88%
Vini Jr Left Wing/LW
86%
Alexander-Arnold Right Back/RB
86%
Gvardiol Left Back/LB
85%
Rodri Defensive Midfield/CDM
75%
Riyad Mahrez Right Midfield,RM
2%
Bellingham Attacking Midfield,CAM
0%
Kevin De Bruyne Center Midfield, CM
0%
Grimaldo Left Midfield,LM
0%
Haaland Striker,Center Forwards, ST
0%
No matching quizzes found
Score Distribution
Percent of People with Each Score
Percentile by Number Answered
Your Score History
You have not taken this quiz